| 000 | 00718nam a2200193 a 4500 | ||
|---|---|---|---|
| 008 | 120416s1992 ||||||||||||||||| || u | ||
| 020 | _a0582059135 | ||
| 050 | _aQD 151.2 Sha | ||
| 100 | _aSharpe, Alan G | ||
| 245 | 1 | 0 | _aInorganic chemistry (3rd ed.) |
| 250 | _a3rd ed. | ||
| 260 |
_aHarlow _bLongman Scientific & Technical Wiley _c1992 |
||
| 300 | _axvi, 702p. : ill. | ||
| 350 | _a0.00 | ||
| 500 | _aIncludes bibliographical references and index. | ||
| 650 | 0 | _aCHEMISTRY--HANDBOOKS, MANUALS, ETC | |
| 650 | 0 | _aCHEMISTRY, INORGANIC--HANDBOOKS, MANUALS, ETC | |
| 995 |
_D0.00 _FCBU-MAIN LIBRARY (Kitwe) _H1 _I18.99 _M1 _UDAMAGED _ZMain Library Open Access Collection |
||
| 999 |
_c47011 _d47011 |
||